Flagi i kształty państw - gra w domino - Statystyki

Ogólne statystyki
  • Ten quiz został rozwiązany 30 651 razy
  • Średni wynik to 10 z 15
Odpowiedzi na mapie
Odpowiedzi zakodowano w zielono-czerwonej skali na mapie do tego quizu, zgodnie z poniższymi procentami.
 
Statystyki odpowiedzi
Odpowiedź % Poprawnych
82%
77%
72%
71%
71%
71%
69%
66%
66%
63%
63%
61%
61%
56%
41%
Nie znaleziono quizów pasujących do podanych kryteriów
Rozkład punktacji
Procent ludzi z każdym wynikiem
Percentyl według liczby udzielonych odpowiedzi
Twoja historia wyników
Nie rozwiązałeś tego quizu